000 00199nam a2200097Ia 4500
008 240625s9999 xx 000 0 und d
041 _aeng
100 _aPC QUEST
245 _aPC QUEST
260 _c2004
999 _c32982
_d32982